000 00515nam a2200181Ia 4500
001 17240
005 20260306170410.0
008 260306t2010||||xx |||||||||||||| ||und||
041 _aESP
082 _a657.61
_bA93M
100 _aAyala Zavala, Pascual
_eAUT
245 0 _aManual de prácticas del plan contable general empresarial:
_bdinámica y formato de libros y registros tributarios
260 _c2010
300 _a613 páginas :
_c24 cm.
650 _aGEN
654 _aCCO
942 _cLIB
_dJUS
_fJUS
_2ddc
_n
999 _c17240
_d17240